Recursos e Defesas do Rǔ - ℓrea Cv̕el

Bibliographic Details
Main Author: Moreira Peixoto, Ulisses Vieira
Format: eBook
Language:Portuguese
Published: San Pablo: JH Mizuno, 2017
Subjects:
Online Access:Acceso restringido

MARC

LEADER 00000nam a22000007a 4500
005 20180227224621.0
007 cr|||| ||||
008 180227s2017 br |||||s|||| 00||0 por d
020 |a 978-85-7789-250-1 
035 |a 21027 
040 |a vLex 
090 |c 7430  |d 7430 
100 1 |a Moreira Peixoto, Ulisses Vieira 
245 1 0 |a Recursos e Defesas do Rǔ - ℓrea Cv̕el  |h [Recurso electrn̤ico] /  |c Ulisses Vieira Moreira Peixoto 
256 |a Servicio en ln̕ea 
260 |a San Pablo:  |b JH Mizuno,  |c 2017 
300 |a 1 recurso electrn̤ico 
500 |a A presente Obra foi elaborada com o intuito de auxiliar os operadores do Direito nas suas batalhas forenses, pois o jurista Ulisses Vieira Moreira Peixoto escreveu a mesma com uma linguagem objetiva e dinḿica. O conted︢o do Livro em tela analisa o estudo da resposta do rǔ no Novo Cd̤igo de Processo Civil, incorporando temas relevantes, tais como: Petiȯ̂ Inicial; Contestaȯ̂; Reconvenȯ̂; Revelia; Competn̊cia; Nulidades; Intervenȯ̂ de Terceiros; Embargos ̉Execuȯ̂ e Recursos. A parte prt̀ica conta com inm︢eros modelos de petiė̳s referentes ̉resposta do rǔ no Novo Cd̤igo de Processo Civil. Com tudo isso, apresentamos a comunidade jurd̕ica uma Obra possuidora de um entendimento claro e prt̀ico, que ser ̀fundamental no desenrolar das suas atividades jurd̕icas exercidas. 
506 1 |a Disponible solo en los productos indicados  |d vLex Global  |d vLex Global (Academic Edition, excluding Law Schools)  |d vLex Global (U.S. Academic Edition, Law Schools)  |d vLex Global (U.S. Academic Edition, excluding Law Schools)  |d vLex Global (Academic Edition, Law Schools) 
650 0 4 |a Derecho Procesal  |z Brasil 
650 0 4 |a Procedimiento Civil  |z Brasil 
740 0 |a vLex Libros (Servicio en ln̕ea) 
856 4 0 |u http://vlex.com/source/recursos-e-defesas-do-reu-area-civel-21027  |z Acceso restringido 
942 |c BOOK 
999 0 |a Procedural Law 
999 0 |a Civil Procedure